[Event "Sibiria Region-ch"]
[Site "Irkutsk"]
[Date "2010.05.21"]
[Round "8"]
[White "Ufimtsev, Vladimir S"]
[Black "Ginzburg, Alexander"]
[Result "1/2-1/2"]
[WhiteElo "2141"]
[BlackElo "2013"]
[PlyCount "62"]
[EventDate "2010.05.15"]
[EventType "swiss"]
[EventRounds "9"]
[EventCountry "RUS"]
[SourceTitle "CBM 136 Extra"]
[Source "ChessBase"]
[SourceDate "2010.07.02"]
[SourceVersion "2"]
[SourceVersionDate "2010.07.15"]
[SourceQuality "1"]

1. e4 d5 2. d4 c6 3. Nc3 dxe4 4. Bc4 Nf6 5. f3 exf3 6. Nxf3 e6 7. Bg5 Nbd7 8. Qe2 Be7 9. 0-0 0-0 10. Rad1 Nb6 11. Bd3 Nfd5 12. Bxe7 Qxe7 13. Nxd5 Nxd5 14. c4 Nf4 15. Qe4 Nxd3 16. Rxd3 Bd7 17. Ne5 Be8 18. Rh3 f5 19. Qe3 Rd8 20. c5 Rd5 21. Qc3 h5 22. Re3 g5 23. Nc4 Rf6 24. Rfe1 Bg6 25. Re5 Qd7 26. Nd6 f4 27. Rxd5 exd5 28. Re5 g4 29. Qe1 f3 30. Qe3 f2+ 31. Kf1 Qh7 1/2-1/2

[Event "Sibiria Region-ch"]
[Site "Irkutsk"]
[Date "2010.05.16"]
[Round "2"]
[White "Keosidi, Konstantin"]
[Black "Ufimtsev, Vladimir S"]
[Result "1-0"]
[WhiteElo "2395"]
[BlackElo "2141"]
[PlyCount "87"]
[EventDate "2010.05.15"]
[EventType "swiss"]
[EventRounds "9"]
[EventCountry "RUS"]
[SourceTitle "CBM 136 Extra"]
[Source "ChessBase"]
[SourceDate "2010.07.02"]
[SourceVersion "2"]
[SourceVersionDate "2010.07.15"]
[SourceQuality "1"]

1. e4 g6 2. Nc3 Bg7 3. f4 c6 4. Nf3 d5 5. e5 Bg4 6. d4 e6 7. h3 Bxf3 8. Qxf3 Qb6 9. Qf2 Ne7 10. Bd3 Nd7 11. Ne2 h5 12. a4 a5 13. b3 Nf5 14. Ba3 Bf8 15. Bxf8 Nxf8 16. 0-0 Nd7 17. c3 Qd8 18. b4 0-0 19. g4 hxg4 20. hxg4 Ne7 21. Qh4 Kg7 22. Kg2 Rh8 23. Qg5 Nc8 24. Qxd8 Rxd8 25. f5 exf5 26. gxf5 gxf5 27. Rxf5 Rg8 28. Raf1 Kf8+ 29. Ng3 axb4 30. e6 Ndb6 31. Rxf7+ Ke8 32. Bh7 Rh8 33. Bg6 Kd8 34. Rxb7 Ne7 35. Bh5 Rxa4 36. Rxb6 Ra2+ 37. Rf2 Rxf2+ 38. Kxf2 bxc3 39. Rb8+ Nc8 40. Rb7 Rxh5 41. Nxh5 c2 42. Rd7+ Ke8 43. Nf6+ Kf8 44. Rf7# 1-0

[Event "Novokuznetsk op"]
[Site "Novokuznetsk"]
[Date "2008.08.19"]
[Round "8"]
[White "Sergeev, Albert"]
[Black "Ufimtsev, Vladimir S"]
[Result "1/2-1/2"]
[WhiteElo "2379"]
[BlackElo "2069"]
[PlyCount "84"]
[EventDate "2008.08.12"]
[EventType "swiss"]
[EventRounds "9"]
[EventCountry "RUS"]
[SourceTitle "EXT 2022"]
[Source "ChessBase"]
[SourceDate "2021.10.06"]
[SourceVersion "1"]
[SourceVersionDate "2021.10.06"]
[SourceQuality "1"]

1. e4 c5 2. Nf3 g6 3. d4 Bg7 4. d5 Nf6 5. Nc3 0-0 6. Bc4 b5 7. Bxb5 Nxe4 8. Nxe4 Qa5+ 9. Nc3 Bxc3+ 10. bxc3 Qxb5 11. h4 Qc4 12. Qd2 Ba6 13. Bb2 Qe4+ 14. Kd1 Bc4 15. d6 exd6 16. Qh6 f6 17. Re1 Qd5+ 18. Nd2 Nc6 19. Qf4 Ne5 20. Rxe5 fxe5 21. Qxc4 Qxc4 22. Nxc4 Rxf2 23. Ke1 Rxg2 24. Rd1 Rb8 25. Bc1 Rxc2 26. Nxd6 Rb1 27. Bd2 Rxd1+ 28. Kxd1 Rxa2 29. Ne4 d5 30. Nf6+ Kf7 31. Nxd5 Ra4 32. Be1 Re4 33. Bf2 Ke6 34. Nc7+ Kd7 35. Na6 Rf4 36. Nxc5+ Kd6 37. Nd3 Rf7 38. c4 Rxf2 39. Nxf2 Kc5 40. Nd3+ Kxc4 41. Nxe5+ Kd5 42. Nd7 Ke4 1/2-1/2

[Event "Novokuznetsk op"]
[Site "Novokuznetsk"]
[Date "2008.08.15"]
[Round "4"]
[White "Yurchenko, Vitaliy"]
[Black "Ufimtsev, Vladimir S"]
[Result "0-1"]
[WhiteElo "2055"]
[BlackElo "2069"]
[PlyCount "98"]
[EventDate "2008.08.12"]
[EventType "swiss"]
[EventRounds "9"]
[EventCountry "RUS"]
[SourceTitle "EXT 2022"]
[Source "ChessBase"]
[SourceDate "2021.10.06"]
[SourceVersion "1"]
[SourceVersionDate "2021.10.06"]
[SourceQuality "1"]

1. e4 c5 2. Nf3 g6 3. d4 Bg7 4. dxc5 Qa5+ 5. Nc3 Bxc3+ 6. bxc3 Qxc3+ 7. Bd2 Qxc5 8. Bd3 Nf6 9. 0-0 0-0 10. Rb1 d6 11. Be3 Qc7 12. Nd4 Nc6 13. Nb5 Qd7 14. h3 a6 15. Nc3 b5 16. a4 b4 17. Nd5 Nxd5 18. exd5 Ne5 19. Rxb4 Nxd3 20. Qxd3 a5 21. Rh4 Ba6 22. c4 Qxa4 23. Qe4 Qd7 24. Ra1 Bb7 25. c5 dxc5 26. Qf4 Qxd5 27. f3 f6 28. Qc7 Qe5 29. Qxe5 fxe5 30. Bxc5 Bc6 31. Bxe7 Rfe8 32. Ba3 e4 33. fxe4 Rxe4 34. Rxe4 Bxe4 35. Re1 Re8 36. h4 Kf7 37. Kf2 Kf6 38. Rc1 Ra8 39. g3 h5 40. Rc5 Bf5 41. Ke3 a4 42. Rc4 Ra6 43. Kd2 Ke5 44. Kc3 Be6 45. Rf4 Rc6+ 46. Kd3 Bf5+ 47. Kd2 Rc2+ 48. Kd1 Ra2 49. Rxa4 Bc2+ 0-1